| 000 | 00922nam a2200205 a 4500 | ||
|---|---|---|---|
| 005 | 20210219160138.0 | ||
| 008 | 080818s2000 mx r 000 0 spa d | ||
| 035 | _aUPN01000159349 | ||
| 049 | _aUNE | ||
| 080 | _a37 (549.3) 1978-80 BRE. | ||
| 245 | 0 | 0 |
_aBreve informe del desarrollo de la educación en bangladesh de 1978 a 1980 / _ctraducción de Rocio Uribe Preciado. |
| 260 |
_aMéxico : _bSEP, Dirección General de Relaciones Internacionales ; _aBangladesh : _bMinisterio de Educación, _c19- |
||
| 300 |
_a31 p. : _bfot. |
||
| 500 | _aReporte presentado en la 38a. Reunión de la Conferencia Internacional de Educación, Ginebra : 1981. | ||
| 690 | _aEducacion - Bangladesh | ||
| 690 | _aDesarrollo de la educacion - Bangladesh | ||
| 710 | 1 |
_aMéxico. _bSecretaría de Educación Pública. _bDirección General de Relaciones Internacionales |
|
| 710 | 1 |
_aBangladesh. _bMinisterio de Educación |
|
| 905 | _aUNESCO | ||
| 999 |
_c131463 _d131463 |
||